COMPARATIVE STUDY BETWEEN SMEAR, CULTURE & POLYMERASE CHAIN REACTION IN CASES OF PULMONARY TUBERCULOSIS & THEIR ANTIBIOTIC SENSITIVITY PATTERN AT SGT MEDICAL COLLAGE & HOSPITAL CHANDU-BUDHERA, GURGAON, HARYANA (Record no. 20536)

MARC details
000 -LEADER
fixed length control field 00478nam a22001457a 4500
003 - CONTROL NUMBER IDENTIFIER
control field SGT
082 ## - DEWEY DECIMAL CLASSIFICATION NUMBER
Classification number 616.01
Item number C17G
100 ## - MAIN ENTRY--PERSONAL NAME
Personal name GANGULY, KRITI
245 ## - TITLE STATEMENT
Title COMPARATIVE STUDY BETWEEN SMEAR, CULTURE & POLYMERASE CHAIN REACTION IN CASES OF PULMONARY TUBERCULOSIS & THEIR ANTIBIOTIC SENSITIVITY PATTERN AT SGT MEDICAL COLLAGE & HOSPITAL CHANDU-BUDHERA, GURGAON, HARYANA
260 ## - PUBLICATION, DISTRIBUTION, ETC. (IMPRINT)
Place of publication, distribution, etc SGTU
Year of Publication 2017
300 ## - PAGE DESCRIPTION
No. of Pages 105
650 ## - SUBJECT ADDED ENTRY--TOPICAL TERM
Topical term or geographic name as entry element MICROBIOLOGY
653 ## - KEYWORDS--INDEX TERM
Keyword term M.D
942 ## - ADDED ENTRY ELEMENTS (KOHA)
Source of classification or shelving scheme Dewey Decimal Classification
Koha item type Thesis/Dissertation
Holdings
Withdrawn status Lost status Source of classification or shelving scheme Damaged status Not for loan Collection code Home library Current library Shelving location Date acquired Total Checkouts Full call number Accession No. (Barcode) Date last seen Bill Date Koha item type Use restrictions
    Dewey Decimal Classification   Not For Loan MEDICAL SGT Medical Library SGT Medical Library Reference Book 01/10/2020   616.01 C17G DT649 01/10/2020 01/10/2020 Thesis/Dissertation  
    Dewey Decimal Classification   Not For Loan MEDICAL SGT Medical Library SGT Medical Library Reference Book 25/06/2024   616.01 C17G DT1793 25/06/2024 25/06/2024 Thesis/Dissertation Restricted Access
    Dewey Decimal Classification   Not For Loan MEDICAL SGT Medical Library SGT Medical Library Reference Book 25/06/2024   616.01 C17G DT1794 25/06/2024 25/06/2024 Thesis/Dissertation Restricted Access
    Dewey Decimal Classification   Not For Loan MEDICAL SGT Medical Library SGT Medical Library Reference Book 25/06/2024   616.01 C17G DT1795 25/06/2024 25/06/2024 Thesis/Dissertation Restricted Access